000 02065nam a2200409 a 4500
001 ebr10062299
003 CaPaEBR
006 m u
007 cr cn|||||||||
008 020716s2003 cau sb s001 0 eng
010 _z 2002011201
020 _z0520233972 (acid-free paper)
020 _z0520233980 (pbk. : alk. paper)
040 _aCaPaEBR
_cCaPaEBR
035 _a(OCoLC)614639768
050 1 4 _aF319.M6
_bT48 2003eb
082 0 4 _a305.8/009759/381
_221
245 0 0 _aThis land is our land
_h[electronic resource] :
_bimmigrants and power in Miami /
_cAlex Stepick ... [et al.].
260 _aBerkeley :
_bUniversity of California Press,
_cc2003.
300 _aviii, 192 p.
504 _aIncludes bibliographical references (p. 171-181) and index.
505 0 _aBecoming American : it's not a one-way street -- Competing elites : Cuban power, Anglo conversion, and frustrated African Americans -- Working in the USA : ethnic segregation and bureaucratizing interaction -- Just comes and cover-ups : African Americans and Haitians in high school -- Making it work : interaction, power, and accommodation in inter-ethnic relations.
533 _aElectronic reproduction.
_bPalo Alto, Calif. :
_cebrary,
_d2013.
_nAvailable via World Wide Web.
_nAccess may be limited to ebrary affiliated libraries.
650 0 _aImmigrants
_zFlorida
_zMiami
_xSocial conditions.
650 0 _aMinorities
_zFlorida
_zMiami
_xSocial conditions.
650 0 _aCuban Americans
_zFlorida
_zMiami
_xSocial conditions.
650 0 _aElite (Social sciences)
_zFlorida
_zMiami.
650 0 _aPower (Social sciences)
_zFlorida
_zMiami.
650 0 _aEthnic conflict
_zFlorida
_zMiami.
651 0 _aMiami (Fla.)
_xEthnic relations.
651 0 _aMiami (Fla.)
_xPolitics and government.
651 0 _aMiami (Fla.)
_xEconomic conditions.
655 7 _aElectronic books.
_2local
700 1 _aStepick, Alex.
710 2 _aebrary, Inc.
856 4 0 _uhttp://site.ebrary.com/lib/rucke/Doc?id=10062299
_zAn electronic book accessible through the World Wide Web; click to view
999 _c47021
_d47021